The euro vision (Record no. 84458)

MARC details
000 -LEADER
fixed length control field 00528cab a22001815a 4500
001 - CONTROL NUMBER
control field L157775
008 - FIXED-LENGTH DATA ELEMENTS--GENERAL INFORMATION
fixed length control field 130514e2013 xxk 000 0 eng d
035 ## - SYSTEM CONTROL NUMBER
System control number (Sirsi) u157775
041 0# - LANGUAGE CODE
Language code of text/sound track or separate title eng
100 1# - MAIN ENTRY--PERSONAL NAME
Personal name Branson, Adam
245 04 - TITLE STATEMENT
Title The euro vision
260 ## - PUBLICATION, DISTRIBUTION, ETC.
Date of publication, distribution, etc. 2013
490 ## - SERIES STATEMENT
Series statement Building
Volume/sequential designation (278) 18 January 2013, 34-43(10)
520 ## - SUMMARY, ETC.
Summary, etc. A list of the top European contractors going into 2013. Also provides a breakdown of European construction during 2012.
651 #4 - SUBJECT ADDED ENTRY--GEOGRAPHIC NAME
Geographic name Europe
690 ## - LOCAL SUBJECT ADDED ENTRY--TOPICAL TERM (OCLC, RLIN)
Topical term or geographic name as entry element Construction
942 ## - ADDED ENTRY ELEMENTS (KOHA)
Suppress in OPAC 0
Holdings
Withdrawn status Lost status Source of classification or shelving scheme Damaged status Not for loan Home library Current library Shelving location Date acquired Total Checkouts Full call number Barcode Date last seen Copy number Price effective from Koha item type
    Dewey Decimal Classification     London London Journal article 14/05/2013   L157775 157775-1001 06/08/2019 1 06/08/2019 Journal article